<?xml version="1.0" encoding="UTF-8"?>
<record
    xmlns:xsi="http://www.w3.org/2001/XMLSchema-instance"
    xsi:schemaLocation="http://www.loc.gov/MARC21/slim http://www.loc.gov/standards/marcxml/schema/MARC21slim.xsd"
    xmlns="http://www.loc.gov/MARC21/slim">

  <leader>00838nam a22002177a 4500</leader>
  <datafield tag="999" ind1=" " ind2=" ">
    <subfield code="c">63594</subfield>
    <subfield code="d">63594</subfield>
  </datafield>
  <controlfield tag="005">20240530110649.0</controlfield>
  <controlfield tag="008">171210s2016    ua     g      000 0 ara d</controlfield>
  <datafield tag="017" ind1=" " ind2=" ">
    <subfield code="a">2016/4239</subfield>
    <subfield code="b">&#x645;&#x635;&#x631;. &#x62F;&#x627;&#x631; &#x627;&#x644;&#x643;&#x62A;&#x628;</subfield>
  </datafield>
  <datafield tag="020" ind1=" " ind2=" ">
    <subfield code="a">9789773375577</subfield>
  </datafield>
  <datafield tag="040" ind1=" " ind2=" ">
    <subfield code="a">EG-CaGPL</subfield>
    <subfield code="c">EG-CaGPL</subfield>
  </datafield>
  <datafield tag="082" ind1="0" ind2="4">
    <subfield code="2">21</subfield>
    <subfield code="a">346.02\</subfield>
    <subfield code="b">&#x639; &#x639;</subfield>
  </datafield>
  <datafield tag="100" ind1="0" ind2=" ">
    <subfield code="a">&#x639;&#x628;&#x62F;&#x627;&#x644;&#x644;&#x647; &#x62C;&#x628;&#x631;&#x64A;&#x644; &#x62D;&#x633;&#x64A;&#x646; </subfield>
  </datafield>
  <datafield tag="245" ind1="1" ind2="2">
    <subfield code="a">&#x627;&#x644;&#x639;&#x642;&#x648;&#x62F; &#x627;&#x644;&#x627;&#x62F;&#x627;&#x631;&#x64A;&#x629; &#x644;&#x644;&#x645;&#x632;&#x627;&#x64A;&#x62F;&#x627;&#x62A; &#x648; &#x627;&#x644;&#x645;&#x646;&#x627;&#x642;&#x635;&#x627;&#x62A; /</subfield>
    <subfield code="c">&#x639;&#x628;&#x62F;&#x627;&#x644;&#x644;&#x647; &#x62C;&#x628;&#x631;&#x64A;&#x644; &#x62D;&#x633;&#x64A;&#x646; </subfield>
  </datafield>
  <datafield tag="250" ind1=" " ind2=" ">
    <subfield code="a">&#x637;.1</subfield>
  </datafield>
  <datafield tag="260" ind1=" " ind2=" ">
    <subfield code="a">&#x627;&#x644;&#x642;&#x627;&#x647;&#x631;&#x629; : </subfield>
    <subfield code="b">&#x645;&#x631;&#x643;&#x632; &#x627;&#x644;&#x62E;&#x628;&#x631;&#x627;&#x62A; &#x627;&#x644;&#x645;&#x647;&#x646;&#x64A;&#x629; &#x644;&#x644;&#x627;&#x62F;&#x627;&#x631;&#x629; (&#x628;&#x628;&#x645;&#x64A;&#x643;) &#x60C;</subfield>
    <subfield code="c">2016 .</subfield>
  </datafield>
  <datafield tag="300" ind1=" " ind2=" ">
    <subfield code="a">101 &#x635;. &#x61B;</subfield>
    <subfield code="c">28 &#x633;&#x645; .</subfield>
  </datafield>
  <datafield tag="650" ind1="0" ind2="7">
    <subfield code="2">qrmak</subfield>
    <subfield code="a">&#x627;&#x644;&#x639;&#x642;&#x648;&#x62F; &#x627;&#x644;&#x627;&#x62F;&#x627;&#x631;&#x64A;&#x629; </subfield>
  </datafield>
  <datafield tag="650" ind1="0" ind2="7">
    <subfield code="2">qrmak</subfield>
    <subfield code="a">&#x627;&#x644;&#x645;&#x646;&#x627;&#x642;&#x635;&#x627;&#x62A; &#x648; &#x627;&#x644;&#x645;&#x632;&#x627;&#x64A;&#x62F;&#x627;&#x62A;</subfield>
  </datafield>
  <datafield tag="942" ind1=" " ind2=" ">
    <subfield code="2">ddc</subfield>
    <subfield code="c">BK</subfield>
  </datafield>
  <datafield tag="952" ind1=" " ind2=" ">
    <subfield code="0">0</subfield>
    <subfield code="1">0</subfield>
    <subfield code="4">0</subfield>
    <subfield code="7">0</subfield>
    <subfield code="a">CAI</subfield>
    <subfield code="b">CAI</subfield>
    <subfield code="c">MAIN-LIBRARY</subfield>
    <subfield code="d">2017-12-10</subfield>
    <subfield code="l">0</subfield>
    <subfield code="o">346.02\ &#x639; &#x639;</subfield>
    <subfield code="p">163696</subfield>
    <subfield code="r">2017-12-10 00:00:00</subfield>
    <subfield code="w">2017-12-10</subfield>
    <subfield code="y">BK</subfield>
  </datafield>
</record>
